00680nam a2200181 4500001000700000003000900007005001700016007000300033008004100036100003000077245011300107260004800220300002900268700002800297852003200325999001900357952012200376140119ES-MaACL20230906200018.0t|070214s1964 sp r ||||1| spa d1 aSchuette, Johann.910474613aLa legión de María en la prensa de la China comunista / cJohann Schuette ; versión de Pedro Recuenco. aEstella (Navarra) : bVerbo Divino, c1964. a76 p. : bil. ; c19 cm.1 aRecuenco, Pedro.995783 aES-MaACLjC-30421 bR.57050 c140119d140119 00104070aATENEOMbATENEOMcDEPO2d2008-01-17eSCl0oC-30421p1145812r2023-02-23 00:00:00w2023-02-23yMONOGRAFIA